000
00267nam a2200109Ia 4500
008
190216s9999||||xx |||||||||||||| ||und||
100
_a
Null
245
0
_a
Text Book Of Economic Theory
260
_b
The English Language Book Society
650
_a
Economics
942
_c
BK
999
_c
9193
_d
9193